| 000 | 00462nam a22001697a 4500 | ||
|---|---|---|---|
| 003 | NUST - PNEC | ||
| 005 | 20170116180836.0 | ||
| 008 | 150808b xxu||||| |||| 00| 0 eng d | ||
| 020 | _a0070484686 | ||
| 040 | _cLIBRARY | ||
| 082 | _a519.2 PAP | ||
| 100 |
_95003 _a Papoulis, Athanasios |
||
| 245 |
_aProbability, random variables, and stochastic processes. _c Athanasios ,Papoulis |
||
| 250 | _a2th ed | ||
| 650 |
_95004 _aProbabilities _x- |
||
| 942 |
_2ddc _cBK |
||
| 999 |
_c64229 _d64229 |
||